00552nam a2200169Ia 4500003000900000008004100009020001700050040001600067080001500083100001600098245013400114260003600248300001000284650004100294650001900335700002800354IN-BaIIA211028s9999 xx 000 0 eng d a0-460-4335-8 cIIA Library a52-37bHOY aHoyle, Fred 0aLifecloudbthe origin of life in the universecFred, Hoyle and Chandra Wickramasinghe  aLondonbJ. M. Dent & Sonsc1978 a189p. aAstronomy and astrophysics thesaurus aOrigin of life aWickramasinghe, Chandra